000 00410nam a2200157Ia 4500
005 20240823064348.0
008 240823s9999||||xx |||||||||||||| ||und||
082 _A658.5 P3
100 _a"Russell,Roberta S"
245 0 _aOperations Manangement
260 _c2003
_b"PHI,New "
_aNew Delhi
500 _aYES
650 _aManagement
_bManagement Studies
700 _a" Taylor,Bernard W III"
942 _cNB
999 _c240530
_d240530